• 首页
  • 本馆介绍
  • 公告通知
  • 最新文献
  • 馆藏检索
  • 电子资源
  • 读者导购
  • 参考咨询
  • 我的图书馆
  • 登录
  • 详细信息显示
  • 放入我的书架
  • 预约/预借图书
  • 作者相关作品
  • 分类相关作品
  • 丛书相关作品
  • 出版社相关作品

书目信息

  • 表格格式
  • 工作单格式
  • 卡片格式
题名:
托福实用快速记忆词典
    
 
作者: 刘谧辰 编
分册:  
出版信息: 上海   上海科学技术出版社  1989.05
页数: 805页
开本: 21cm
丛书名:
单 册:
中图分类: H313-61
科图分类:
主题词: 英语--词汇--词典
电子资源:
ISBN: 7-5323-1159-7
000 00567nam0 2200193 45
001 0504191441
005 20050419152829.7
010    @a7-5323-1159-7@dCNY9.95
100    @a20050419d1989 km y0chiy0120 ea
101 0  @achi
105    @a z 000yy
200 1  @a托福实用快速记忆词典@ATuo Fu Shi Yong Kuai Su Ji Yi Ci Dian@f刘谧辰编@FLiu Mi Chen Bian
210    @a上海@c上海科学技术出版社@d1989.05
215    @a805页@d21cm
606 0  @a英语@x词汇@x词典
690    @aH313-61@v3
701  0 @a刘谧辰@4编
801    @aCN@bPftUser@c20050419
905    @f1@b225773@dH313-61@e149
    
    托福实用快速记忆词典/刘谧辰编.-上海:上海科学技术出版社,1989.05
    805页;21cm
    
    
    ISBN 7-5323-1159-7:CNY9.95
    
●
相关链接 在E读中查询图书 在五车中查询图书 在当当中查询图书 在豆瓣中查询图书


正题名:托福实用快速记忆词典     索取号:H313-61/149         预约/预借

序号 登录号 条形码 馆藏地/架位号 状态 备注
1 0225773   001380133   密集书库/ [索取号:H313-61/149] 在馆    
2 0225774   001380099   第二样本阅览室/ [索取号:H313-61/149] 在馆    
欢迎您!
大连网信软件有限公司© 版权所有